000 00606nam a22002537a 4500
003 UA-OsUOA
001 27977
007 ta
008 20040916b un ||||| |||| 00| 0 ukr d
100 _aМирский В.И.
700 _aСемибратский Б.А.
090 _a796.332(477)
_bМ64
942 _cBK
040 _aUA-OsUOA
_brus
_cUA-OsUOA
_dUA-OsUOA
245 _aАтакующая вершины
300 _a280 с.
955 _a0
041 _arus
080 _a796.332(477)
260 _aКиев
_bЗдоровье
_c1980
044 _aRU
650 7 _2UDC
999 _c314329
_d314329